Statistics for Which country looks like...

Click here to take the quiz!

General Stats

  • This quiz has been taken 20 times
  • The average score is 2 of 15

Answer Stats

Looks likeCountry% Correct
A boot (two in Europe)Italy and Moldova
88%
A key (South America)Argentina
24%
A cat (two in Asia)Iran and United Arab Emirates
18%
A human face (Two Europe, two Asia)Portugal, Chad, Oman, and Brunei
18%
A giraffe's neck and head (Asia)Laos
12%
A dinosaur (Asia)Pakistan
12%
A human organ (Two Asia, one Africa)Taiwan, Tunisia, and Sri Lanka
12%
A zombie with messy hair (Asia)Bangladesh
6%
A swordfish (Asia)Cyprus
6%
A boxer's chest and fist (Africa)Zambia
6%
A tall bird (Africa)Cameroon
0%
A penguin's body (Africa)Eswatini
0%
Darth Vader (Asia)Kuwait
0%
A dog (Europe)Netherlands
0%
A rabbit (Africa)South Sudan
0%

Score Distribution

Percentile by Number Answered

Percent of People with Each Score

Your Score History

You have not taken this quiz